000 00814nam a2200217Ia 4500
001 14526
005 20260323152047.0
008 260306t2016||||xx |||||||||||||| ||spa||
041 _aESP
082 _a515.15
_bL25 2014 T. 1
100 _aLarson, Ron
_eAUT
245 0 _aCálculo
260 _c2016
300 _avarias paginaciones :
_c27 cm.
650 _aGEN
654 _aCHU
856 _uhttps://itmsp.museknowledge.com/UCSP?url=https://www.ebooks7-24.com:443/?il=1308&pg=1
_zVersión digital
856 _uhttps://0u213tqnc-y-https-ebooks7--24-com.itmsp.museknowledge.com/biblioteca.aspx
_zVéase además: Base de datos Ebook7-24
856 _uhttps://0u20ftqnj-y-https-research-ebsco-com.itmsp.museknowledge.com/c/qxo6us/search
_zVéase además: Base de datos EBSCOhost
942 _cLIB
_dJUS
_fJUS
_2ddc
999 _c14526
_d14526